• 首页
  • 本馆介绍
  • 公告通知
  • 最新文献
  • 馆藏检索
  • 电子资源
  • 读者导购
  • 参考咨询
  • 我的图书馆
  • 登录
  • 详细信息显示
  • 放入我的书架
  • 预约/预借图书
  • 作者相关作品
  • 分类相关作品
  • 丛书相关作品
  • 出版社相关作品

书目信息

  • 表格格式
  • 工作单格式
  • 卡片格式
题名:
北京风味小吃
    
 
作者: 佟长友 编著
分册:  
出版信息: 北京   金盾出版社  1992
页数: 70页
开本: 19cm
丛书名:
单 册:
中图分类: TS972.1
科图分类: 85.931
主题词: 食谱--北京
电子资源:
ISBN: 7-80022-513-5
000 00784n|m0 2200265 450
001 0102676718
005 20121116170000.0
010    @a7-80022-513-5@dCNY2.90
011    @a7-80022-513-5
100    @a20021005d1992 em y0chiy0110 ea
101 0  @achi
102    @aCN@b110000
105    @af z 000yy
135    @adrbn ---auuuu
200 1  @a北京风味小吃@9Bei Jing Feng Wei Xiao Chi @f佟长友编著@b电子资源.图书
210    @a北京@c金盾出版社@d1992
215    @a70页@c彩图@d19cm
325    @a电子复制品
330    @a本书介绍120种京味小吃的传统配料、制作方法、特点以及有关习俗和掌故。
606 0  @a食谱@y北京
690    @aTS972.1@v3
692    @a85.931
701  0 @a佟长友@9tong chang you@4编著
801  0 @aCN@bAZmarc@c20230904
905    @dTS972.1@e305@f1@sTS972.1/305@aBZT
    
    北京风味小吃/佟长友编著[电子资源.图书].-北京:金盾出版社,1992
    70页:彩图;19cm
    
    
    ISBN 7-80022-513-5:CNY2.90
    本书介绍120种京味小吃的传统配料、制作方法、特点以及有关习俗和掌故。
●
相关链接 在五车中查询图书 在当当中查询图书 在豆瓣中查询图书


正题名:北京风味小吃     索取号:TS972.1/305         预约/预借

序号 登录号 条形码 馆藏地/架位号 状态 备注
1 2000108094   2000108094   旧书回溯/ [索取号:TS972.1/305] 在馆    
山东省滨州职业学院图书馆 欢迎您!
大连网信软件有限公司© 版权所有